logo

Bir Sreshtho Munshi Abdur Rouf Library
Jhenaidah Cadet College

Educational psychology in the classroom / (Record no. 7160)

MARC details
000 -LEADER
fixed length control field 00609nam a2200229 a 4500
001 - CONTROL NUMBER
JCCL Control Number 7160
003 - CONTROL NUMBER IDENTIFIER
JCCL marc code UkOxU
005 - DATE AND TIME OF LATEST TRANSACTION
control field 20180224173552.0
008 - FIXED-LENGTH DATA ELEMENTS--GENERAL INFORMATION
fixed length control field 860101s1956 nyua 001 0 eng d
035 ## - SYSTEM CONTROL NUMBER
system control number (BD-JhCC) 7160
040 ## - CATALOGING SOURCE
Original cataloging agency DLC
Transcribing agency IAU
Modifying agency NRC
-- UKM
-- EQO
041 ## - LANGUAGE CODE
Language code of Book eng
050 #0 - LIBRARY OF CONGRESS CALL NUMBER
Classification number LB1051
Item number .L67
082 ## - DEWEY DECIMAL CLASSIFICATION NUMBER
Classification number 370.15
Author mark and Year LIN 1956
100 1# - MAIN ENTRY--PERSONAL NAME
Personal name Lindgren, Henry Clay,
245 10 - TITLE STATEMENT
Title Educational psychology in the classroom /
Statement of responsibility, etc Henry Clay Lindgren,
260 ## - PUBLICATION, DISTRIBUTION, ETC. (IMPRINT)
Place of publication, distribution, etc New York :
Name of publisher, distributor, etc Wiley,
Date of publication, distribution, etc [1956]
300 ## - PHYSICAL DESCRIPTION
Pagination 521 p.
Other physical details illus.
Dimensions 25 cm
650 #0 - SUBJECT ADDED ENTRY--TOPICAL TERM
Topical term or geographic name as entry element Educational psychology
942 ## - ADDED ENTRY ELEMENTS (KOHA)
Source of classification or shelving scheme Dewey Decimal Classification
Koha item type Books
Holdings
Source of classification or shelving scheme Damaged status Not for loan Home library Current library Shelving location Total Checkouts Full call number Barcode Date last seen Copy number Koha item type
Dewey Decimal Classification     JCC Rouf Library JCC Rouf Library General Stacks   370.15 LIN 1956 1028 02/05/2018 C - 1 Books

JCC Library | Contacts | JCC Home

Last Update on 23 September 2017
Copyright @ 2017-2020 JCC Rouf Library
Rouf Library, Jhenidah Cadet College (JCC), Bangladesh